00224nam a22001097a 4500003000400000082001600004100001700020245003300037260001900070300000700089700001800096SGT a617.3bC76P aPaton, David aClinical SymposiabGlaucomas bC.I.B.A.c1976 a47 aCraig, J. A.